[Event "2016 Redpath Mining Millionaire Chess Open"]
[Site "Venue: Old Ed’s Sports Complex, Houghton, Johannesburg"]
[Date "2016.07.14"]
[Round "3"]
[Board "24"]
[White "Odendaal, Mikhal Marcus"]
[Black "Shaw, Laurie Ann"]
[Result "0-1"]
[WhiteElo "932"]
[BlackElo "1443"]
[PlyCount "0"]
[EventDate "2016.07.13"]
[EventRounds "9"]
[EventCountry "RSA"]

1. e4 {[%clk 1:30:56]} c5 {[%clk 1:30:55]} 2. Nf3 {[%clk 1:30:32]} Nc6
{[%clk 1:30:38]} 3. Bc4 {[%clk 1:29:49]} g6 {[%clk 1:30:55]} 4. Nc3
{[%clk 1:29:34]} Bg7 {[%clk 1:31:13]} 5. d3 {[%clk 1:28:24]} d6 {[%clk 1:31:33]}
6. Ng5 {[%clk 1:27:03]} e6 {[%clk 1:30:04]} 7. O-O {[%clk 1:25:21]} Nge7
{[%clk 1:29:49]} 8. Be3 {[%clk 1:23:24]} O-O {[%clk 1:29:01]} 9. Bb3
{[%clk 1:22:52]} a6 {[%clk 1:24:34]} 10. Rb1 {[%clk 1:22:00]} b5 {[%clk 1:24:36]}
11. a3 {[%clk 1:21:25]} Bb7 {[%clk 1:23:35]} 12. Nf3 {[%clk 1:19:14]} Qd7
{[%clk 1:12:23]} 13. Ne2 {[%clk 1:16:10]} Rfd8 {[%clk 1:07:37]} 14. Ng3
{[%clk 1:09:42]} Rac8 {[%clk 1:04:44]} 15. c3 {[%clk 1:08:00]} Rc7
{[%clk 0:39:20]} 16. d4 {[%clk 1:04:57]} cxd4 {[%clk 0:39:37]} 17. cxd4
{[%clk 1:05:09]} Rdc8 {[%clk 0:37:19]} 18. Re1 {[%clk 0:51:53]} Na5
{[%clk 0:34:15]} 19. Ba2 {[%clk 0:50:33]} Nec6 {[%clk 0:27:15]} 20. d5
{[%clk 0:48:02]} Ne5 {[%clk 0:22:58]} 21. Bb6 {[%clk 0:44:06]} Nac4
{[%clk 0:22:25]} 22. Bxc7 {[%clk 0:43:52]} Rxc7 {[%clk 0:22:46]} 23. dxe6
{[%clk 0:43:32]} fxe6 {[%clk 0:22:59]} 24. Nxe5 {[%clk 0:42:36]} Bxe5
{[%clk 0:22:50]} 25. Bxc4 {[%clk 0:42:22]} Rxc4 {[%clk 0:23:11]} 26. Rc1
{[%clk 0:41:38]} Bxb2 {[%clk 0:22:12]} 27. Rxc4 {[%clk 0:41:41]} bxc4
{[%clk 0:18:25]} 28. Qc2 {[%clk 0:38:41]} c3 {[%clk 0:18:08]} 29. Ne2
{[%clk 0:37:31]} Qc6 {[%clk 0:14:51]} 30. Nd4 {[%clk 0:35:54]} Qc4
{[%clk 0:14:57]} 31. Qe2 {[%clk 0:32:52]} Qxd4 {[%clk 0:14:31]} 32. Rd1
{[%clk 0:31:54]} Qxe4 {[%clk 0:14:29]} 33. Qd3 {[%clk 0:29:20]} Qxd3
{[%clk 0:13:55]} 34. Rxd3 {[%clk 0:29:01]} c2 {[%clk 0:14:16]} 35. Rxd6
{[%clk 0:29:17]} c1=Q+ {[%clk 0:14:34]} 0-1

[Event "2016 Redpath Mining Millionaire Chess Open"]
[Site "Venue: Old Ed’s Sports Complex, Houghton, Johannesburg"]
[Date "2016.07.14"]
[Round "3"]
[Board "25"]
[White "Claassen, Jean-Daniel"]
[Black "Odendaal, Ruben Lourens"]
[Result "1-0"]
[WhiteElo "1436"]
[BlackElo "1300"]
[PlyCount "0"]
[EventDate "2016.07.13"]
[EventRounds "9"]
[EventCountry "RSA"]

1. d4 {[%clk 1:30:35]} d5 {[%clk 1:30:53]} 2. Nf3 {[%clk 1:30:35]} Nf6
{[%clk 1:31:17]} 3. e3 {[%clk 1:30:35]} e6 {[%clk 1:31:20]} 4. Bd3
{[%clk 1:30:32]} c5 {[%clk 1:30:53]} 5. b3 {[%clk 1:29:44]} Nc6 {[%clk 1:31:03]}
6. a3 {[%clk 1:29:43]} Qb6 {[%clk 1:30:22]} 7. Bb2 {[%clk 1:29:55]} Bd6
{[%clk 1:30:20]} 8. Nbd2 {[%clk 1:30:16]} O-O {[%clk 1:30:14]} 9. O-O
{[%clk 1:28:59]} Qc7 {[%clk 1:30:02]} 10. c4 {[%clk 1:28:50]} cxd4
{[%clk 1:28:12]} 11. exd4 {[%clk 1:29:09]} dxc4 {[%clk 1:28:07]} 12. Nxc4
{[%clk 1:29:22]} Be7 {[%clk 1:25:00]} 13. Nfe5 {[%clk 1:29:37]} Rd8
{[%clk 1:24:29]} 14. Bc2 {[%clk 1:28:39]} Bd6 {[%clk 1:24:05]} 15. f4
{[%clk 1:28:37]} b5 {[%clk 1:20:38]} 16. Nxd6 {[%clk 1:28:51]} Qxd6
{[%clk 1:20:41]} 17. Qf3 {[%clk 1:27:54]} Qd5 {[%clk 1:17:03]} 18. Nxc6
{[%clk 1:26:34]} Qxf3 {[%clk 1:15:21]} 19. gxf3 {[%clk 1:26:49]} Rd6
{[%clk 1:14:40]} 20. Ne7+ {[%clk 1:26:49]} Kf8 {[%clk 1:13:50]} 21. Nxc8
{[%clk 1:27:13]} Rxc8 {[%clk 1:14:19]} 22. Bd3 {[%clk 1:27:17]} Rb8
{[%clk 1:11:19]} 23. a4 {[%clk 1:27:39]} bxa4 {[%clk 1:11:06]} 24. Ba3
{[%clk 1:27:52]} Rxb3 {[%clk 1:10:20]} 25. Bxd6+ {[%clk 1:28:11]} Ke8
{[%clk 1:10:00]} 26. Bc2 {[%clk 1:27:50]} Rc3 {[%clk 1:08:59]} 27. Bxa4+
{[%clk 1:28:15]} Kd8 {[%clk 1:09:10]} 28. Rab1 {[%clk 1:28:36]} Rc8
{[%clk 1:08:40]} 29. Rfc1 {[%clk 1:28:45]} Rxc1+ {[%clk 1:08:06]} 30. Rxc1
{[%clk 1:29:13]} Nd7 {[%clk 1:08:26]} 31. Rc7 {[%clk 1:29:08]} Nb6
{[%clk 1:08:40]} 32. Bb5 {[%clk 1:29:11]} Nd5 {[%clk 1:08:38]} 33. Rb7
{[%clk 1:29:29]} Ne7 {[%clk 1:08:38]} 34. Rxe7 {[%clk 1:29:31]} Kc8
{[%clk 1:08:54]} 35. Bc6 {[%clk 1:29:50]} a5 {[%clk 1:08:50]} 36. Re8#
{[%clk 1:30:09]} 1-0

[Event "2016 Redpath Mining Millionaire Chess Open"]
[Site "Venue: Old Ed’s Sports Complex, Houghton, Johannesburg"]
[Date "2016.07.14"]
[Round "3"]
[Board "26"]
[White "Tabane, Gomolemo"]
[Black "Dykema, Dirkho"]
[Result "0-1"]
[WhiteElo "647"]
[BlackElo "1425"]
[PlyCount "0"]
[EventDate "2016.07.13"]
[EventRounds "9"]
[EventCountry "RSA"]

1. e4 c5 2. Nf3 d5 3. Nc3 dxe4 4. Nxe4 Nf6 5. Nc3 Bf5 6. Bd3 Bxd3 7. cxd3 Qxd3 8.
Qe2 Qxe2+ 9. Nxe2 Nbd7 10. O-O O-O-O 11. Ng5 Re8 12. Nxf7 Rg8 13. Ng5 e5 14. Nxh7
Nxh7 15. d3 0-1

[Event "2016 Redpath Mining Millionaire Chess Open"]
[Site "Venue: Old Ed’s Sports Complex, Houghton, Johannesburg"]
[Date "2016.07.14"]
[Round "3"]
[Board "27"]
[White "Schmidt, Nadia Esmeralda"]
[Black "Claassen, Gabriella"]
[Result "1-0"]
[WhiteElo "1394"]
[BlackElo "1122"]
[PlyCount "0"]
[EventDate "2016.07.13"]
[EventRounds "9"]
[EventCountry "RSA"]

1. Nf3 c5 2. g3 g6 3. Bg2 Nc6 4. d3 Bg7 5. e4 e6 6. O-O Nge7 7. c3 O-O 8. Be3 Qb6
9. Qc2 d6 10. Nbd2 f6 11. Nc4 Qc7 12. Bf4 Ne5 13. Nfxe5 fxe5 14. Be3 d5 15. Nd2
Qc6 16. Nb3 d4 17. Bg5 Rf7 18. Bxe7 Rxe7 19. cxd4 cxd4 20. Qxc6 bxc6 21. Rac1 Rc7
22. Na5 Bd7 23. Nc4 Rb8 24. b3 c5 25. Rfd1 Rf8 26. Rc2 Bc8 27. Nd6 Rd7 28. Nb5
Ba6 29. Rxc5 Re8 30. Nc7 Rxc7 31. Rxc7 Ra8 32. Rc6 Bc8 33. Bh3 Kf7 34. Rdc1 Bd7
35. Rc7 Rd8 36. Rxa7 Bh6 37. Rcc7 Ke7 38. Ra6 Kf6 39. Rb6 Bd2 40. Ra7 Bc3 41.
Rbb7 Ke7 42. b4 h5 43. a3 g5 44. b5 Ke8 45. Bxe6 Bxe6 46. Re7+ Kf8 47. Rxe6 Bb4
48. axb4 h4 49. Rh6 hxg3 50. Rh8# 1-0

[Event "2016 Redpath Mining Millionaire Chess Open"]
[Site "Venue: Old Ed’s Sports Complex, Houghton, Johannesburg"]
[Date "2016.07.15"]
[Round "4"]
[Board "1"]
[White "Jere, Daniel"]
[Black "Simutowe, Musatwe"]
[Result "1-0"]
[WhiteElo "2368"]
[BlackElo "2163"]
[PlyCount "0"]
[EventDate "2016.07.13"]
[EventRounds "9"]
[EventCountry "RSA"]

1. c4 {[%clk 1:30:53]} Nf6 {[%clk 1:28:34]} 2. g3 {[%clk 1:28:28]} e6
{[%clk 1:27:55]} 3. Bg2 {[%clk 1:28:52]} d5 {[%clk 1:28:21]} 4. Nf3
{[%clk 1:29:18]} Be7 {[%clk 1:28:47]} 5. O-O {[%clk 1:29:43]} O-O
{[%clk 1:29:12]} 6. b3 {[%clk 1:30:03]} c5 {[%clk 1:29:36]} 7. Bb2
{[%clk 1:30:28]} Nc6 {[%clk 1:30:03]} 8. e3 {[%clk 1:30:54]} b6 {[%clk 1:30:29]}
9. Nc3 {[%clk 1:31:19]} Bb7 {[%clk 1:30:57]} 10. cxd5 {[%clk 1:30:50]} Nxd5
{[%clk 1:31:23]} 11. Nxd5 {[%clk 1:31:11]} Qxd5 {[%clk 1:31:49]} 12. d4
{[%clk 1:31:21]} Qf5 {[%clk 1:31:48]} 13. Ne5 {[%clk 1:23:03]} Nxe5
{[%clk 1:32:13]} 14. Bxb7 {[%clk 1:22:58]} Rad8 {[%clk 1:32:42]} 15. Qe2
{[%clk 1:20:10]} cxd4 {[%clk 1:32:24]} 16. exd4 Ng4 17. Bg2 Nf6 18. Rfc1 Rc8 19.
Bb7 Rxc1+ 20. Rxc1 Bd6 21. Kg2 h5 22. Qf3 Qxf3+ 23. Bxf3 Rd8 24. a4 Kf8 25. Rc6
Ke7 26. Bc3 Rd7 27. b4 Rc7 28. Rxc7+ Bxc7 29. b5 g6 30. Bd2 e5 31. dxe5 Bxe5 32.
Be3 Nd7 33. Bc6 Nc5 34. a5 Bd6 35. a6 Bc7 36. Bd5 Bd6 37. f3 Nd7 38. g4 1-0

[Event "2016 Redpath Mining Millionaire Chess Open"]
[Site "Venue: Old Ed’s Sports Complex, Houghton, Johannesburg"]
[Date "2016.07.15"]
[Round "4"]
[Board "2"]
[White "Hercules, Benjamin Vincent"]
[Black "Oatlhotse, Providence"]
[Result "1-0"]
[WhiteElo "2127"]
[BlackElo "2250"]
[PlyCount "0"]
[EventDate "2016.07.13"]
[EventRounds "9"]
[EventCountry "RSA"]

1. d4 {[%clk 1:30:54]} Nf6 {[%clk 1:30:58]} 2. c4 {[%clk 1:31:15]} c5
{[%clk 1:30:56]} 3. d5 {[%clk 1:31:26]} g6 {[%clk 1:31:07]} 4. Nc3
{[%clk 1:31:20]} Bg7 {[%clk 1:31:33]} 5. e4 {[%clk 1:29:37]} O-O {[%clk 1:31:46]}
6. Bd3 {[%clk 1:28:55]} d6 {[%clk 1:30:37]} 7. h3 {[%clk 1:26:02]} e6
{[%clk 1:30:18]} 8. Nf3 {[%clk 1:19:44]} exd5 {[%clk 1:29:36]} 9. exd5
{[%clk 1:19:27]} Re8+ {[%clk 1:26:45]} 10. Kf1 {[%clk 1:17:20]} a6
{[%clk 1:23:34]} 11. Kg1 {[%clk 1:12:22]} Nbd7 {[%clk 1:20:38]} 12. Kh2
{[%clk 1:07:07]} Ne5 {[%clk 1:17:19]} 13. Nxe5 {[%clk 0:57:32]} dxe5
{[%clk 1:10:52]} 14. Re1 {[%clk 0:56:58]} Nh5 {[%clk 1:09:03]} 15. Be2
{[%clk 0:46:23]} Nf6 {[%clk 1:03:29]} 16. Be3 {[%clk 0:44:32]} Qd6
{[%clk 1:00:00]} 17. Qd2 {[%clk 0:39:26]} Bf5 {[%clk 0:57:07]} 18. Rad1
{[%clk 0:36:53]} h5 {[%clk 0:56:02]} 19. Qc1 {[%clk 0:36:20]} b6 {[%clk 0:55:36]}
20. a4 {[%clk 0:36:09]} Nh7 {[%clk 0:50:55]} 21. Kg1 {[%clk 0:34:27]} Bd7
{[%clk 0:47:54]} 22. a5 {[%clk 0:31:18]} f5 {[%clk 0:48:04]} 23. axb6
{[%clk 0:29:39]} Qxb6 {[%clk 0:43:38]} 24. Qa1 {[%clk 0:26:59]} Bf8
{[%clk 0:41:02]} 25. b4 {[%clk 0:26:38]} Qc7 {[%clk 0:36:05]} 26. Bxc5
{[%clk 0:26:06]} Bxc5 {[%clk 0:36:18]} 27. bxc5 {[%clk 0:26:35]} Qxc5
{[%clk 0:36:47]} 28. Rb1 {[%clk 0:25:05]} Ng5 {[%clk 0:35:44]} 29. Rb7
{[%clk 0:23:57]} Bc8 {[%clk 0:34:37]} 30. Rb3 {[%clk 0:24:06]} f4
{[%clk 0:23:14]} 31. Na4 {[%clk 0:20:27]} Qf8 {[%clk 0:20:10]} 32. c5
{[%clk 0:17:30]} e4 {[%clk 0:16:22]} 33. h4 {[%clk 0:17:05]} Nh7 {[%clk 0:03:28]}
34. Bc4 {[%clk 0:16:37]} Nf6 {[%clk 0:02:59]} 35. Rb6 {[%clk 0:16:24]} Kg7
{[%clk 0:02:26]} 36. Qd4 {[%clk 0:15:32]} Ra7 {[%clk 0:01:17]} 37. Nc3
{[%clk 0:15:44]} Rae7 {[%clk 0:01:10]} 38. d6 {[%clk 0:14:19]} Re5
{[%clk 0:01:38]} 39. c6 {[%clk 0:14:37]} e3 {[%clk 0:01:00]} 40. fxe3
{[%clk 0:14:48]} fxe3 {[%clk 0:00:55]} 41. Re2 {[%clk 0:12:58]} Bg4
{[%clk 0:00:39]} 42. Re1 {[%clk 0:12:15]} Ne4 {[%clk 0:00:38]} 43. Nxe4
{[%clk 0:12:06]} Qf4 44. Rb7+ {[%clk 0:11:53]} Kh6 {[%clk 0:00:48]} 45. Qxe3
{[%clk 0:12:05]} Qxe3+ {[%clk 0:00:50]} 46. Rxe3 {[%clk 0:12:33]} Rxe4
{[%clk 0:00:58]} 47. Rxe4 {[%clk 0:12:56]} Rxe4 {[%clk 0:01:27]} 48. d7
{[%clk 0:12:11]} Rd4 {[%clk 0:01:40]} 49. Bxa6 {[%clk 0:11:28]} g5
{[%clk 0:01:50]} 50. Bb5 {[%clk 0:11:10]} gxh4 {[%clk 0:01:16]} 51. Rb8
{[%clk 0:11:27]} Rd1+ {[%clk 0:01:07]} 52. Kh2 {[%clk 0:11:44]} 1-0

[Event "2016 Redpath Mining Millionaire Chess Open"]
[Site "Venue: Old Ed’s Sports Complex, Houghton, Johannesburg"]
[Date "2016.07.15"]
[Round "4"]
[Board "3"]
[White "Mwale, Joseph"]
[Black "Van Rensburg, Ryan Pierre"]
[Result "1-0"]
[WhiteElo "2076"]
[BlackElo "2220"]
[PlyCount "0"]
[EventDate "2016.07.13"]
[EventRounds "9"]
[EventCountry "RSA"]

1. Nf3 {[%clk 1:30:39]} Nf6 {[%clk 1:29:30]} 2. g3 {[%clk 1:31:01]} g6
{[%clk 1:27:55]} 3. Bg2 {[%clk 1:31:27]} Bg7 {[%clk 1:28:20]} 4. O-O
{[%clk 1:31:53]} O-O {[%clk 1:28:37]} 5. c4 {[%clk 1:32:19]} c5 {[%clk 1:28:55]}
6. d4 {[%clk 1:32:42]} cxd4 {[%clk 1:29:09]} 7. Nxd4 {[%clk 1:33:04]} Nc6
{[%clk 1:29:37]} 8. Nc3 {[%clk 1:33:28]} d6 {[%clk 1:29:58]} 9. Nxc6
{[%clk 1:33:47]} bxc6 {[%clk 1:30:28]} 10. Bxc6 {[%clk 1:34:04]} Rb8
{[%clk 1:30:57]} 11. Qa4 {[%clk 1:29:16]} Bd7 {[%clk 1:28:44]} 12. Rb1
{[%clk 1:26:19]} Bxc6 {[%clk 1:13:44]} 13. Qxc6 {[%clk 1:26:40]} Nd7
{[%clk 1:14:04]} 14. Bd2 {[%clk 1:18:24]} Rc8 {[%clk 1:05:26]} 15. Qa6
{[%clk 1:16:56]} Nb6 {[%clk 1:01:18]} 16. b3 {[%clk 1:15:09]} d5 {[%clk 0:58:00]}
17. Nxd5 {[%clk 1:14:14]} Nxd5 {[%clk 0:58:13]} 18. cxd5 {[%clk 1:14:37]} Qxd5
{[%clk 0:58:11]} 19. Be3 {[%clk 1:06:27]} Rfd8 {[%clk 0:51:08]} 20. Rbc1
{[%clk 0:59:17]} Rxc1 {[%clk 0:51:34]} 21. Rxc1 {[%clk 0:59:40]} Bb2
{[%clk 0:52:02]} 22. Rb1 {[%clk 0:59:23]} Qe4 {[%clk 0:51:32]} 23. Rf1
{[%clk 0:59:42]} Kg7 {[%clk 0:51:38]} 24. Qc4 {[%clk 0:48:21]} Qe5
{[%clk 0:49:37]} 25. Bxa7 {[%clk 0:46:32]} Ra8 {[%clk 0:49:42]} 26. Bc5
{[%clk 0:46:28]} Rxa2 {[%clk 0:49:21]} 27. b4 {[%clk 0:46:38]} Ra8
{[%clk 0:49:49]} 28. e3 {[%clk 0:46:09]} Rd8 {[%clk 0:48:04]} 29. Rb1
{[%clk 0:42:30]} Bc3 {[%clk 0:48:33]} 30. Bxe7 {[%clk 0:41:28]} Rd2
{[%clk 0:47:53]} 31. Qc8 {[%clk 0:39:50]} Ba1 32. Rxa1 1-0

[Event "2016 Redpath Mining Millionaire Chess Open"]
[Site "Venue: Old Ed’s Sports Complex, Houghton, Johannesburg"]
[Date "2016.07.15"]
[Round "4"]
[Board "4"]
[White "De Abreu, Roberto N"]
[Black "Musekiwa, Michael"]
[Result "1-0"]
[WhiteElo "2057"]
[BlackElo "1880"]
[PlyCount "0"]
[EventDate "2016.07.13"]
[EventRounds "9"]
[EventCountry "RSA"]

1. d4 {[%clk 1:30:42]} Nf6 {[%clk 1:30:54]} 2. c4 {[%clk 1:31:11]} e6
{[%clk 1:31:17]} 3. g3 {[%clk 1:31:40]} d5 {[%clk 1:31:38]} 4. Nf3
{[%clk 1:32:08]} Bb4+ {[%clk 1:31:31]} 5. Bd2 {[%clk 1:32:33]} Be7
{[%clk 1:31:55]} 6. Bg2 {[%clk 1:32:59]} O-O {[%clk 1:32:19]} 7. O-O
{[%clk 1:33:26]} c6 {[%clk 1:32:30]} 8. Nc3 Nbd7 {[%clk 1:32:15]} 9. Bf4
{[%clk 1:33:09]} Nh5 {[%clk 1:30:05]} 10. Bc1 {[%clk 1:33:17]} f5
{[%clk 1:27:57]} 11. e3 {[%clk 1:32:17]} Qe8 {[%clk 1:24:58]} 12. Rb1
{[%clk 1:18:21]} a5 {[%clk 1:21:57]} 13. a3 {[%clk 1:18:45]} Ndf6
{[%clk 1:18:14]} 14. b4 {[%clk 1:13:49]} Ne4 {[%clk 1:14:33]} 15. Qb3
{[%clk 1:03:44]} axb4 {[%clk 1:09:43]} 16. axb4 {[%clk 1:04:12]} Nhf6
{[%clk 1:09:45]} 17. b5 {[%clk 0:47:06]} dxc4 {[%clk 1:03:28]} 18. Qxc4
{[%clk 0:47:25]} cxb5 {[%clk 1:03:40]} 19. Nxb5 {[%clk 0:45:22]} Bd7
{[%clk 1:01:14]} 20. Nc7 {[%clk 0:26:45]} Qc8 {[%clk 1:00:58]} 21. Ne5
{[%clk 0:25:41]} Ra4 {[%clk 0:54:27]} 22. Qc2 {[%clk 0:26:01]} Ra6
{[%clk 0:54:08]} 23. Rb2 {[%clk 0:19:36]} Ba4 {[%clk 0:52:21]} 24. Qc4
{[%clk 0:17:29]} Rd6 {[%clk 0:38:07]} 25. Qxa4 {[%clk 0:14:50]} Qxc7
{[%clk 0:38:24]} 26. Rc2 {[%clk 0:15:14]} Qb8 {[%clk 0:35:10]} 27. Qb3
{[%clk 0:12:52]} Re8 {[%clk 0:31:46]} 28. Ba3 {[%clk 0:10:18]} Ra6
{[%clk 0:23:52]} 29. Bxe7 Rxe7 30. Nc6 Rxc6 31. Rxc6 Nd2 32. Qb4 Nxf1 33. Qxe7
bxc6 34. Qxe6+ Kh8 35. Bxf1 f4 36. Qe5 Qxe5 37. dxe5 Ne4 38. exf4 c5 39. f3 Nd2
40. Kf2 c4 41. Be2 c3 42. Ke3 Nb3 43. Bd1 Nd2 44. Kd3 Nf1 45. Kxc3 Nxh2 46. Be2
h6 47. Kd3 g5 48. fxg5 hxg5 49. Ke3 Kg7 50. Kf2 Kg6 51. Kg2 Nxf3 52. Bd3+ Kf7 53.
Kxf3 Ke6 54. Ke4 1-0

[Event "2016 Redpath Mining Millionaire Chess Open"]
[Site "Venue: Old Ed’s Sports Complex, Houghton, Johannesburg"]
[Date "2016.07.15"]
[Round "4"]
[Board "5"]
[White "February, Jesse Nikki"]
[Black "Agostinho, Diogo"]
[Result "1-0"]
[WhiteElo "1906"]
[BlackElo "2055"]
[PlyCount "0"]
[EventDate "2016.07.13"]
[EventRounds "9"]
[EventCountry "RSA"]

1. e4 {[%clk 1:30:24]} Nf6 {[%clk 1:30:52]} 2. e5 {[%clk 1:30:38]} Nd5
{[%clk 1:31:20]} 3. d4 {[%clk 1:30:58]} d6 {[%clk 1:31:16]} 4. c4
{[%clk 1:31:18]} Nb6 {[%clk 1:31:43]} 5. exd6 {[%clk 1:31:40]} cxd6
{[%clk 1:31:34]} 6. Nc3 {[%clk 1:31:53]} g6 {[%clk 1:31:34]} 7. Nf3
{[%clk 1:31:40]} Bg7 {[%clk 1:32:01]} 8. Be2 {[%clk 1:31:27]} O-O
{[%clk 1:32:22]} 9. Be3 {[%clk 1:31:29]} Bg4 {[%clk 1:31:56]} 10. b3
{[%clk 1:30:56]} Nc6 {[%clk 1:28:32]} 11. Rc1 {[%clk 1:30:00]} d5
{[%clk 1:16:09]} 12. c5 {[%clk 1:17:25]} Nc8 {[%clk 1:15:22]} 13. h3
{[%clk 1:16:42]} Bxf3 {[%clk 1:14:40]} 14. Bxf3 {[%clk 1:15:26]} e6
{[%clk 1:15:05]} 15. O-O {[%clk 1:13:29]} N8e7 {[%clk 1:12:53]} 16. Nb5
{[%clk 1:02:01]} Nf5 {[%clk 1:09:38]} 17. g4 {[%clk 0:59:29]} Nxe3
{[%clk 1:08:52]} 18. fxe3 {[%clk 0:59:41]} Qg5 {[%clk 1:09:02]} 19. Qe1
{[%clk 0:54:50]} e5 {[%clk 0:45:35]} 20. Nc7 {[%clk 0:43:11]} Rad8
{[%clk 0:42:51]} 21. h4 {[%clk 0:42:54]} Qe7 {[%clk 0:42:50]} 22. Nxd5
{[%clk 0:42:00]} Qe6 {[%clk 0:43:04]} 23. Nc7 {[%clk 0:33:07]} Qc8
{[%clk 0:38:47]} 24. d5 {[%clk 0:30:16]} e4 {[%clk 0:33:49]} 25. Bxe4
{[%clk 0:29:50]} Qxg4+ {[%clk 0:34:04]} 26. Bg2 {[%clk 0:30:10]} Be5
{[%clk 0:26:30]} 27. Rc4 {[%clk 0:27:57]} Qd7 {[%clk 0:22:48]} 28. dxc6
{[%clk 0:27:18]} Qxc7 {[%clk 0:23:15]} 29. cxb7 {[%clk 0:27:25]} Bh2+
{[%clk 0:21:56]} 30. Kh1 {[%clk 0:27:45]} Bg3 {[%clk 0:20:31]} 31. Qe2
{[%clk 0:27:22]} Qe7 {[%clk 0:20:26]} 32. c6 {[%clk 0:24:13]} Bc7
{[%clk 0:16:50]} 33. Qf3 {[%clk 0:18:27]} Rd3 {[%clk 0:15:56]} 34. Re1
{[%clk 0:13:33]} f5 {[%clk 0:15:38]} 35. h5 {[%clk 0:11:01]} f4 {[%clk 0:13:46]}
36. Qh3 {[%clk 0:09:31]} Rf5 {[%clk 0:10:04]} 37. hxg6 {[%clk 0:07:51]} hxg6
{[%clk 0:10:29]} 38. Re4 {[%clk 0:06:58]} Qf7 {[%clk 0:09:05]} 39. Qg4
{[%clk 0:04:17]} f3 {[%clk 0:04:13]} 40. Bxf3 {[%clk 0:02:00]} Qh7+
{[%clk 0:02:51]} 41. Kg1 {[%clk 0:02:03]} Qh2+ {[%clk 0:02:08]} 42. Kf1
{[%clk 0:02:29]} Kf7 {[%clk 0:00:45]} 43. Rd4 {[%clk 0:00:34]} Bg3
{[%clk 0:00:38]} 44. Qxf5+ {[%clk 0:00:31]} gxf5 {[%clk 0:01:02]} 45. Re2
{[%clk 0:00:52]} 1-0

[Event "2016 Redpath Mining Millionaire Chess Open"]
[Site "Venue: Old Ed’s Sports Complex, Houghton, Johannesburg"]
[Date "2016.07.15"]
[Round "4"]
[Board "6"]
[White "Wilken, Justin Barend"]
[Black "Avelino, Fernandes"]
[Result "1-0"]
[WhiteElo "1854"]
[BlackElo "2013"]
[PlyCount "0"]
[EventDate "2016.07.13"]
[EventRounds "9"]
[EventCountry "RSA"]

1. e4 {[%clk 1:30:55]} d6 {[%clk 1:30:36]} 2. d4 {[%clk 1:31:04]} Nf6
{[%clk 1:30:40]} 3. Nc3 {[%clk 1:31:29]} g6 {[%clk 1:30:57]} 4. Nf3
{[%clk 1:31:28]} Bg7 {[%clk 1:29:26]} 5. h3 {[%clk 1:31:03]} c6 {[%clk 1:29:17]}
6. Be3 {[%clk 1:23:50]} Nbd7 {[%clk 1:28:47]} 7. e5 {[%clk 1:21:05]} dxe5
{[%clk 1:24:05]} 8. dxe5 {[%clk 1:21:20]} Ng8 {[%clk 1:23:38]} 9. e6
{[%clk 1:16:37]} fxe6 {[%clk 1:23:05]} 10. Bc4 {[%clk 1:12:19]} Ne5
{[%clk 1:22:48]} 11. Qxd8+ {[%clk 1:11:39]} Kxd8 {[%clk 1:22:57]} 12. O-O-O+
{[%clk 1:12:05]} Ke8 {[%clk 1:23:03]} 13. Nxe5 {[%clk 1:11:45]} Bxe5
{[%clk 1:23:17]} 14. Ne4 {[%clk 1:12:01]} h6 {[%clk 1:20:37]} 15. f4
{[%clk 1:08:39]} Bg7 {[%clk 1:19:01]} 16. Nc5 {[%clk 1:05:18]} e5
{[%clk 1:18:29]} 17. Nd3 {[%clk 0:57:20]} exf4 {[%clk 1:18:03]} 18. Nxf4
{[%clk 0:57:30]} Bf5 {[%clk 1:18:17]} 19. g4 {[%clk 0:57:15]} Be4
{[%clk 1:11:53]} 20. Ne6 {[%clk 0:51:04]} Be5 {[%clk 1:10:43]} 21. Rhf1
{[%clk 0:50:59]} Nf6 {[%clk 1:10:43]} 22. Bd4 {[%clk 0:44:43]} Bg3
{[%clk 1:06:16]} 23. Rg1 {[%clk 0:41:49]} Bh2 {[%clk 1:06:27]} 24. Bxf6
{[%clk 0:41:42]} exf6 {[%clk 1:06:37]} 25. Rge1 {[%clk 0:42:06]} f5
{[%clk 1:06:43]} 26. gxf5 {[%clk 0:42:07]} gxf5 {[%clk 1:07:02]} 27. Ng7+
{[%clk 0:42:04]} Kf8 {[%clk 1:05:32]} 28. Rd7 {[%clk 0:37:55]} b5
{[%clk 1:03:14]} 29. Be6 {[%clk 0:36:21]} c5 {[%clk 1:02:19]} 30. Rf7+
{[%clk 0:35:35]} Kg8 {[%clk 1:02:23]} 31. Nh5 {[%clk 0:35:27]} Be5
{[%clk 0:59:27]} 32. Rg1+ {[%clk 0:35:45]} 1-0

[Event "2016 Redpath Mining Millionaire Chess Open"]
[Site "Venue: Old Ed’s Sports Complex, Houghton, Johannesburg"]
[Date "2016.07.15"]
[Round "4"]
[Board "7"]
[White "Salimu, Reuben"]
[Black "Jurgens, John C."]
[Result "1-0"]
[WhiteElo "1949"]
[BlackElo "1714"]
[PlyCount "0"]
[EventDate "2016.07.13"]
[EventRounds "9"]
[EventCountry "RSA"]

1. d4 Nf6 2. c4 {[%clk 1:30:28]} e6 {[%clk 1:30:47]} 3. Nc3 {[%clk 1:30:55]} d5
{[%clk 1:30:57]} 4. cxd5 {[%clk 1:31:17]} exd5 {[%clk 1:31:20]} 5. Bg5
{[%clk 1:31:41]} Nbd7 {[%clk 1:30:14]} 6. e3 {[%clk 1:31:58]} Be7
{[%clk 1:30:33]} 7. Bd3 {[%clk 1:32:16]} O-O {[%clk 1:30:16]} 8. Nge2
{[%clk 1:32:35]} c6 {[%clk 1:30:29]} 9. Qc2 {[%clk 1:32:37]} Re8 {[%clk 1:30:26]}
10. f3 {[%clk 1:26:54]} Nf8 {[%clk 1:29:44]} 11. Bh4 {[%clk 1:27:06]} Ng6
{[%clk 1:29:25]} 12. Bf2 {[%clk 1:27:16]} c5 {[%clk 1:27:00]} 13. O-O
{[%clk 1:25:17]} b6 {[%clk 1:22:41]} 14. Rad1 {[%clk 1:25:00]} Bb7
{[%clk 1:20:37]} 15. Ng3 {[%clk 1:18:56]} cxd4 {[%clk 1:19:20]} 16. exd4
{[%clk 1:19:19]} Qc7 {[%clk 1:14:47]} 17. Nf5 {[%clk 1:18:41]} Bb4
{[%clk 1:13:17]} 18. Bg3 {[%clk 1:18:53]} Qd7 {[%clk 1:12:43]} 19. Nb5
{[%clk 1:14:37]} Rec8 {[%clk 1:04:12]} 20. Qb3 {[%clk 1:14:02]} Bf8
{[%clk 1:04:16]} 21. Nbd6 {[%clk 1:11:18]} Rd8 {[%clk 1:03:06]} 22. Rc1
{[%clk 1:09:56]} Bc6 {[%clk 1:01:06]} 23. Qc3 {[%clk 1:09:49]} Bb7
{[%clk 0:57:44]} 24. Bb5 {[%clk 1:10:07]} Rac8 {[%clk 0:57:17]} 25. Bxd7
{[%clk 1:08:55]} Rxc3 {[%clk 0:57:32]} 26. Rxc3 {[%clk 1:09:23]} Rxd7
{[%clk 0:57:36]} 27. Nxb7 {[%clk 1:09:45]} Rxb7 {[%clk 0:57:51]} 28. Rc8
{[%clk 1:10:00]} h6 {[%clk 0:57:05]} 29. Bd6 {[%clk 1:09:59]} Nd7
{[%clk 0:55:49]} 30. Re1 {[%clk 1:09:07]} Kh7 {[%clk 0:55:58]} 31. Ree8
{[%clk 1:09:16]} Bxd6 {[%clk 0:56:10]} 32. Nxd6 {[%clk 1:09:43]} 1-0